[Event "Hessen-ch Gr-D 64th"]
[Site "Bad Vilbel"]
[Date "2010.04.02"]
[Round "2"]
[White "Bodensohn, Markus"]
[Black "Kalmann, Max"]
[Result "1/2-1/2"]
[WhiteElo "1616"]
[BlackElo "1531"]
[PlyCount "66"]
[EventDate "2010.03.31"]
[EventType "swiss"]
[EventRounds "5"]
[EventCountry "GER"]
[SourceTitle "EXT 2011"]
[Source "ChessBase"]
[SourceDate "2010.11.26"]
[SourceVersion "1"]
[SourceVersionDate "2010.11.26"]
[SourceQuality "1"]

1. c4 c5 2. Nc3 Nc6 3. g3 e5 4. Bg2 d6 5. d3 f5 6. e4 Nf6 7. Nge2 Be7 8. 0-0 0-0 9. f4 g6 10. a3 Nd4 11. Nxd4 cxd4 12. Nd5 Nxd5 13. exd5 Bf6 14. Re1 Re8 15. b3 Qc7 16. Ra2 Bd7 17. Rae2 Re7 18. h3 Rae8 19. Kh2 Bc8 20. Bd2 b6 21. a4 Kg7 22. Bb4 a5 23. fxe5 Bxe5 24. Bd2 Kf6 25. Bf4 g5 26. Bxe5+ dxe5 27. Rf2 Kg6 28. Qd2 Qd6 29. Ref1 Bd7 30. Qd1 Rf8 31. Qf3 Ref7 32. Qe2 h5 33. Re1 Re7 1/2-1/2

[Event "Main Vogelsberg op 4th"]
[Site "Heusenstamm"]
[Date "2009.05.03"]
[Round "7"]
[White "Rosenthal, Michael"]
[Black "Bodensohn, Markus"]
[Result "1/2-1/2"]
[WhiteElo "1633"]
[BlackElo "1391"]
[PlyCount "76"]
[EventDate "2009.04.30"]
[EventType "swiss"]
[EventRounds "7"]
[EventCountry "GER"]
[SourceTitle "CBM 130 Extra"]
[Source "ChessBase"]
[SourceDate "2009.07.02"]
[SourceVersion "2"]
[SourceVersionDate "2009.07.15"]
[SourceQuality "1"]

1. c4 Nf6 2. d4 g6 3. Nc3 Bg7 4. e4 d6 5. f3 0-0 6. Be3 Nbd7 7. Qd2 e5 8. d5 Nc5 9. h4 Nh5 10. g4 Ng3 11. Rh2 Nxf1 12. Kxf1 f6 13. Ke2 a6 14. b4 Nd7 15. g5 f5 16. exf5 Rxf5 17. h5 b6 18. hxg6 hxg6 19. Ne4 Nf8 20. Rc1 a5 21. b5 Nd7 22. a4 Nc5 23. Nxc5 dxc5 24. Rd1 Qd6 25. Rh4 Rf7 26. Rf1 Bf5 27. Kd1 Re8 28. Ne2 e4 29. f4 Qd7 30. Rfh1 Bg4 31. Ke1 Bf3 32. R1h2 Ree7 33. Ng1 Bg4 34. Qg2 Bf5 35. Qh1 Bc3+ 36. Kf1 Rh7 37. Rxh7 Rxh7 38. Rxh7 Qxh7 1/2-1/2

[Event "Hessen-ch Gr-D"]
[Site "Idstein"]
[Date "2009.04.10"]
[Round "1"]
[White "Brendel, Hans Gerhard"]
[Black "Bodensohn, Markus"]
[Result "1/2-1/2"]
[WhiteElo "1658"]
[BlackElo "1391"]
[PlyCount "51"]
[EventDate "2009.04.10"]
[EventType "swiss"]
[EventRounds "5"]
[EventCountry "GER"]
[SourceTitle "EXT 2010"]
[Source "ChessBase"]
[SourceDate "2010.11.25"]
[SourceVersion "1"]
[SourceVersionDate "2010.11.25"]
[SourceQuality "1"]

1. e4 d6 2. d4 Nf6 3. f3 Nbd7 4. Be3 g6 5. Nc3 Bg7 6. Bc4 c5 7. h4 a6 8. a4 Qa5 9. g4 Rb8 10. h5 cxd4 11. Bxd4 Ne5 12. Bb3 Bd7 13. h6 Bf8 14. g5 Nh5 15. Qd2 Rg8 16. f4 Nc6 17. f5 e6 18. fxg6 fxg6 19. 0-0-0 Nxd4 20. Qxd4 Qxg5+ 21. Kb1 Qc5 22. Qd2 b5 23. Nge2 bxa4 24. Nxa4 Qb4 25. Nac3 Be7 26. Qe3 1/2-1/2

[Event "Hessen-ch Gr-E 62nd"]
[Site "Hanau"]
[Date "2008.03.22"]
[Round "3"]
[White "Bodensohn, Markus"]
[Black "Neumann, Thomas"]
[Result "1-0"]
[WhiteElo "1334"]
[BlackElo "1440"]
[PlyCount "27"]
[EventDate "2008.03.21"]
[EventType "swiss"]
[EventRounds "5"]
[EventCountry "GER"]
[SourceTitle "CBM 123 Extra"]
[Source "ChessBase"]
[SourceDate "2008.05.06"]
[SourceVersion "1"]
[SourceVersionDate "2008.05.06"]
[SourceQuality "1"]

1. c4 e5 2. Nc3 Nf6 3. Nf3 Nc6 4. e3 d6 5. d4 Bg4 6. Be2 exd4 7. exd4 h6 8. 0-0 Be7 9. Bf4 d5 10. cxd5 Nxd5 11. Nxd5 Qxd5 12. Bxc7 Bxf3 13. Bxf3 Qxd4 14. Bxc6+ 1-0

[Event "Hessen-ch Gr-E 62nd"]
[Site "Hanau"]
[Date "2008.03.21"]
[Round "2"]
[White "Stulken, Dietmar"]
[Black "Bodensohn, Markus"]
[Result "0-1"]
[WhiteElo "1399"]
[BlackElo "1334"]
[PlyCount "52"]
[EventDate "2008.03.21"]
[EventType "swiss"]
[EventRounds "5"]
[EventCountry "GER"]
[SourceTitle "CBM 123 Extra"]
[Source "ChessBase"]
[SourceDate "2008.05.06"]
[SourceVersion "1"]
[SourceVersionDate "2008.05.06"]
[SourceQuality "1"]

1. e4 d6 2. d4 Nf6 3. Nc3 Nbd7 4. Nf3 e5 5. d5 Nc5 6. Bg5 Be7 7. Bxf6 Bxf6 8. Be2 0-0 9. b4 Nd7 10. Qd2 a5 11. bxa5 Rxa5 12. Nb5 Ra8 13. c4 Nc5 14. Nc3 Bh4 15. 0-0 f5 16. g3 Be7 17. Bd3 fxe4 18. Nxe4 Rxf3 19. Be2 Nxe4 20. Qc2 Bf5 21. Bxf3 Nxg3 22. Qb3 Nxf1 23. Rxf1 Bh3 24. Re1 Bh4 25. Re2 Qg5+ 26. Kh1 Qc1+ 0-1

[Event "Main Vogelsberg op 2nd"]
[Site "Grossauheim"]
[Date "2007.06.07"]
[Round "2"]
[White "Bodensohn, Markus"]
[Black "Hofmann, Thomas"]
[Result "1/2-1/2"]
[WhiteElo "1285"]
[BlackElo "1603"]
[PlyCount "37"]
[EventDate "2007.06.07"]
[EventType "swiss"]
[EventRounds "7"]
[EventCountry "GER"]
[SourceTitle "EXT 2008"]
[Source "ChessBase"]
[SourceDate "2007.11.25"]
[SourceVersion "1"]
[SourceVersionDate "2007.11.25"]
[SourceQuality "1"]

1. c4 Nf6 2. Nc3 c5 3. Nf3 Nc6 4. g3 e6 5. Bg2 d5 6. cxd5 exd5 7. e3 Be6 8. 0-0 Be7 9. d4 0-0 10. a3 Nd7 11. dxc5 Nxc5 12. b4 Ne4 13. Bb2 Bf6 14. Rc1 Rc8 15. Ba1 a6 16. Qd3 Nxc3 17. Bxc3 Bxc3 18. Rxc3 Qf6 19. Rfc1 1/2-1/2